000 01384nam a22002777a 4500
001 BRCA_9214
003 FranzMayer
005 20220809135606.0
008 220722b |||||||| |||| 00| 0 eng d
020 _a9782940510382
040 _bspa
_cMFM
041 1 _afre
_aeng
050 _aN332.Sx3G5
_bI5 2018 v.1
245 _aIn my Head :
_b2008-2018
260 _aGinebra, Suiza :
_bHEAD-Gèneve,
_c2018
300 _a452 p. :
_bil., fot. col. ;
_c20 x 27 cm.
500 _aUbicación: L59-N5
520 _aSean proyectos personales (In my Head) o proyectos colectivos realizados por la institución (Out of my Head), siempre se trata de promover una enseñanza que, más allá de la transmisión de herramientas plásticas y conceptuales, se esfuerza por reconocer de manera empírica lo que hace la singularidad de una generación y de la cultura que ella produce. El papel de la escuela consiste entonces en favorecer esta cultura emergente, en apoyarla en su esfuerzo de afirmación, emancipación y precisión.
610 _aHaute école d'art et de design (Geneva, Switzerland)
_vCatálogo
_xEstudiantes
_xDiseño
_xArte
_y2008-2018
_928483
650 _aArte
_xDiseño
_y2008-2018
_928484
700 _aJean-Pierre Greff
_eDir. ed.
_928486
700 _aNic Ulmi
_esel. y ed. textos
_928487
700 _aAlex Craker
_etrad.
_928485
942 _2lcc
_cB
999 _c10833
_d10833